=LDR 00000nam 2200000 4500 =001 NUTBA000000000000097 =005 20200313101605 =035 ##$$a 0010-031400000000096 =008 200313################g##########0#ind## =020 ##$$a 978-602-8689-60-1 =090 ##$$b 297.51 =100 ##$$a Ulya Ali Ubaid =245 1#$$a Sabar dan syukur : $b Gerbang kebahagian di dunia dan akhirat /$c Ulya Ali Ubaid =260 ##$$a Jakarta :$b Amzah,$c 2012 =300 ##$$a xiii, 216 hlm ; $c 20 x 14 cm =850 ##$$a NBPNMAT =082 ##$$a 297.51 =084 ##$$a 297.51 ULY s =650 #4$$a Islam =990 ##$$a 21302842 =990 ##$$a 21302843 =990 ##$$a 21302841 =990 ##$$a 21302840 =990 ##$$a 21302839 =990 ##$$a 21602339 =990 ##$$a 21302840 =990 ##$$a 21302842 =990 ##$$a 21302843 =990 ##$$a 21302841 =990 ##$$a 21302839